Online Catalogue and eLibrary

Kulagei donkaraya (Record no. 2196)

MARC details
000 -LEADER
fixed length control field 00403nam a2200157Ia 4500
005 - DATE AND TIME OF LATEST TRANSACTION
control field 20250612025001.0
008 - FIXED-LENGTH DATA ELEMENTS--GENERAL INFORMATION
fixed length control field 240331s9999 xx 000 0 und d
020 ## - INTERNATIONAL STANDARD BOOK NUMBER
ISBN 9559719300
082 ## - DDC Classification
Item Number - Author Mark SUB
Class No. 306
245 #0 - TITLE STATEMENT
Title Kulagei donkaraya
260 ## - PUBLICATION, DISTRIBUTION, ETC.
Name of publisher, distributor, etc. Editors Publication
Date of publication, distribution, etc. 2000
300 ## - PHYSICAL DESCRIPTION
Extent (e.g. Volumes, Pages etc.) 100 p .,
500 ## - GENERAL NOTE
General note A book on a An academic analysis of virginity
700 ## - ADDED ENTRY--PERSONAL NAME
Personal name Subasinghe, V
Relator term (Role) Editor
942 ## - Koha item type (Biblio)
Koha item type Books in Stacks (Lending)
Holdings
Lost status Damaged status Collection code Home library Current library Shelving location Date acquired Full call number Accession Number Item type
    Lending WERC Library WERC Library Social Science Cupboard 03/31/2024 306.8 SUB 4341 Books in Stacks (Lending)

© WERC Library